Flugzeugflotten Teil 31-Turkish Airlines - Statistiken

Allgemein
  • Dieses Quiz wurde 31 mal gespielt
  • Das Durchschnittsergebnis liegt bei 11 aus 13
Antwortstatistiken
Anzahl Flugzeugtyp % Korrekt
12 Airbus A320-200
96%
65 Airbus A321-200
96%
36 Airbus A330-300
92%
47 Airbus A321neo
88%
13 Airbus A330-200
88%
21 Airbus A350-900
88%
40 Boeing 737-800
88%
23 Boeing 787-9
88%
6 Airbus A319-100
83%
36 Boeing 777-300ER
83%
20 Boeing 737 MAX 8
79%
5 Boeing 737 MAX 9
75%
15 Boeing 737-900ER
67%
Keine übereinstimmenden Quizze gefunden
Verteilung der Resultate
Anzahl Personen mit jedem Resultat
Perzentil nach korrekt beantworteten Fragen
Ihre Resultats-Entwicklung
Sie haben dieses Quiz noch nicht gespielt